[Event "CRI-ch"]
[Site "Costa Rica"]
[Date "1997.??.??"]
[Round "12"]
[White "Jimenez Molina, Juan Leon"]
[Black "Peraza Alvarez, Rafael Eduardo"]
[Result "1-0"]
[WhiteElo "2135"]
[BlackElo "2000"]
[PlyCount "43"]
[EventDate "1997.??.??"]
[EventType "tourn"]
[EventRounds "19"]
[EventCountry "CRI"]
[SourceTitle "EXT 1999"]
[Source "ChessBase"]
[SourceDate "1998.11.16"]
[SourceVersion "1"]
[SourceVersionDate "1998.11.16"]
[SourceQuality "1"]

1. g3 Nf6 2. Nf3 b6 3. Bg2 Bb7 4. c4 e6 5. 0-0 Be7 6. b3 0-0 7. Bb2 c5 8. Nc3 d5 9. cxd5 exd5 10. d4 Re8 11. Rc1 Nbd7 12. dxc5 bxc5 13. e3 Rc8 14. Rc2 Qc7 15. Rd2 Qb8 16. Qa1 Nb6 17. Rfd1 a5 18. Nh4 Rcd8 19. Nf5 Bf8 20. Ne2 Ne4 21. Bxe4 dxe4 22. Bxg7 1-0

[Event "CRI-ch"]
[Site "Costa Rica"]
[Date "1997.??.??"]
[Round "1"]
[White "Melendez Vega, Esteban"]
[Black "Peraza Alvarez, Rafael Eduardo"]
[Result "1-0"]
[WhiteElo "2020"]
[BlackElo "2000"]
[PlyCount "129"]
[EventDate "1997.??.??"]
[EventType "tourn"]
[EventRounds "19"]
[EventCountry "CRI"]
[SourceTitle "EXT 1999"]
[Source "ChessBase"]
[SourceDate "1998.11.16"]
[SourceVersion "1"]
[SourceVersionDate "1998.11.16"]
[SourceQuality "1"]

1. e4 c5 2. Nf3 d6 3. d4 cxd4 4. Nxd4 Nf6 5. Nc3 a6 6. g3 Qc7 7. Bg2 g6 8. 0-0 Bg7 9. h3 Bd7 10. Bg5 Qc8 11. Kh2 h6 12. Bxf6 exf6 13. Nb3 Qc7 14. Nd5 Qd8 15. Qd2 0-0 16. Qb4 Bb5 17. Rfd1 Nc6 18. Qd2 Re8 19. Nc3 Qb6 20. Qxd6 Qxf2 21. Rd2 Rad8 22. Qxd8 Qxg2+ 23. Kxg2 Nxd8 24. Nxb5 axb5 25. c3 Nc6 26. Re1 b4 27. Nd4 bxc3 28. bxc3 Ne5 29. Nf3 Nc6 30. Rde2 Ra8 31. Rb2 Ra3 32. Ree2 Ra7 33. Kf2 Bf8 34. Rb5 Bd6 35. Rd5 Bc7 36. Rd7 Bb6+ 37. Ke1 Kf8 38. Rd5 Bc7 39. Kf2 Ke7 40. Red2 Ba5 41. Rc2 Bc7 42. Nd4 Ra4 43. Kg2 Be5 44. Rb2 Nd8 45. Rd2 Nc6 46. Kf3 Nxd4+ 47. cxd4 Ra3+ 48. Ke2 Bxg3 49. Rb2 Bf4 50. Rxb7+ Ke8 51. Rdd7 Rxa2+ 52. Kf3 g5 53. Re7+ Kd8 54. Rxf7 Kc8 55. Rh7 h5 56. Rbg7 Ra3+ 57. Ke2 Ra2+ 58. Kd3 Rd2+ 59. Kc4 Rc2+ 60. Kb5 Kb8 61. Rg8+ Rc8 62. Rxc8+ Kxc8 63. Rxh5 Kd7 64. Rh7+ Kd8 65. Rf7 1-0